|
|
|
|
| LEADER |
00000cam a22000004a 4500 |
| 001 |
musev2_23707 |
| 003 |
MdBmJHUP |
| 005 |
20230905042526.0 |
| 006 |
m o d |
| 007 |
cr||||||||nn|n |
| 008 |
101107s2009 miu o 00 0 eng d |
| 020 |
|
|
|a 9780472029976
|
| 020 |
|
|
|z 9780472033584
|
| 020 |
|
|
|z 0472033581
|
| 020 |
|
|
|z 0472029975
|
| 035 |
|
|
|a (OCoLC)679303017
|
| 040 |
|
|
|a MdBmJHUP
|c MdBmJHUP
|
| 100 |
1 |
|
|a Swales, John M.,
|d 1938-
|
| 245 |
1 |
0 |
|a Incidents in an Educational Life :
|b A Memoir (of Sorts) /
|c John M. Swales.
|
| 264 |
|
1 |
|a Ann Arbor :
|b University of Michigan Press,
|c 2009.
|
| 264 |
|
3 |
|a Baltimore, Md. :
|b Project MUSE,
|c 2014
|
| 264 |
|
4 |
|c ©2009.
|
| 300 |
|
|
|a 1 online resource (224 pages):
|b illustrations
|
| 336 |
|
|
|a text
|b txt
|2 rdacontent
|
| 337 |
|
|
|a computer
|b c
|2 rdamedia
|
| 338 |
|
|
|a online resource
|b cr
|2 rdacarrier
|
| 505 |
0 |
|
|a My schoolboy years -- Years at Cambridge and three years in Europe -- Spells in Libya with a post-graduate interlude -- Mistake in Leeds and a recovery in Khartoum -- Rise and fall of the Aston Group -- Years and more years in the American midwest (and elsewhere) -- Reflections on an educational life.
|
| 546 |
|
|
|a English.
|
| 588 |
|
|
|a Description based on print version record.
|
| 600 |
1 |
7 |
|a Swales, John M.,
|d 1938-
|2 fast
|0 (OCoLC)fst01946644
|
| 600 |
1 |
0 |
|a Swales, John M.,
|d 1938-
|
| 650 |
|
7 |
|a Linguists.
|2 fast
|0 (OCoLC)fst00999243
|
| 650 |
|
7 |
|a English teachers.
|2 fast
|0 (OCoLC)fst00912393
|
| 650 |
|
7 |
|a LANGUAGE ARTS & DISCIPLINES
|x General.
|2 bisacsh
|
| 650 |
|
7 |
|a BIOGRAPHY & AUTOBIOGRAPHY
|x General.
|2 bisacsh
|
| 650 |
|
6 |
|a Linguistes
|v Biographies.
|
| 650 |
|
6 |
|a Professeurs d'anglais
|v Biographies.
|
| 650 |
|
0 |
|a Linguists
|v Biography.
|
| 650 |
|
0 |
|a English teachers
|v Biography.
|
| 655 |
|
7 |
|a Biographies.
|2 fast
|0 (OCoLC)fst01919896
|
| 655 |
|
7 |
|a Electronic books.
|2 local
|
| 710 |
2 |
|
|a Project Muse.
|e distributor
|
| 830 |
|
0 |
|a Book collections on Project MUSE.
|
| 856 |
4 |
0 |
|z Texto completo
|u https://projectmuse.uam.elogim.com/book/23707/
|
| 945 |
|
|
|a Project MUSE - Custom Collection
|
| 945 |
|
|
|a Project MUSE - Archive Complete Supplement II
|
| 945 |
|
|
|a Project MUSE - Archive Higher Education Supplement II
|